| 000 | 00836nam a22002897a 4500 | ||
|---|---|---|---|
| 003 | CHAP | ||
| 005 | 20220329141726.0 | ||
| 008 | 971013c19921981 r 00010 d | ||
| 010 | _a72858 | ||
| 011 | _a73830 | ||
| 035 | _a83388 | ||
| 040 | _cCHAP | ||
| 082 |
_a530 _bM86Y |
||
| 100 | 0 | 0 |
_aMurphy, James T. _979801 |
| 245 | _aFísica ; principios y problemas | ||
| 260 |
_aMéxico, D. F. : _bCECSA, _c1992 (c.1981) |
||
| 300 | _a515 p. | ||
| 590 |
_aBATCH-UPD _b10 _c20130110 _lUCH01 _h0630 |
||
| 590 |
_aBATCH-UPD _b10 _c20130410 _lUCH01 _h0313 |
||
| 590 |
_aBATCH-UPD _b10 _c20130914 _lUCH01 _h1422 |
||
| 590 |
_aCONVERSION _b10 _c20130109 _lUCH01 _h1340 |
||
| 650 | 1 | 4 |
_aFísica. _941975 |
| 700 | 0 |
_aSmoot, Robert C. _9107196 |
|
| 901 | _aBK | ||
| 942 | _cLIBRO | ||
| 949 |
_a530 M86Y _bBC _cLIBRO _d-37932 _eLIBRO _h48372 sust. _i83388 _si |
||
| 999 |
_c72858 _d72858 |
||